Child-rearing practices among the Garo of Assam in matrilineal context (Record no. 59976)

000 -LEADER
fixed length control field 00416pab a2200157 454500
008 - FIXED-LENGTH DATA ELEMENTS--GENERAL INFORMATION
fixed length control field 180718b2002 xxu||||| |||| 00| 0 eng d
100 ## - MAIN ENTRY--PERSONAL NAME
Personal name Medhi, B.K.
245 ## - TITLE STATEMENT
Title Child-rearing practices among the Garo of Assam in matrilineal context
260 ## - PUBLICATION, DISTRIBUTION, ETC.
Date of publication, distribution, etc. 2002
300 ## - PHYSICAL DESCRIPTION
Extent p.81-87.
362 ## - DATES OF PUBLICATION AND/OR SEQUENTIAL DESIGNATION
Dates of publication and/or sequential designation Jan-Mar
650 ## - SUBJECT ADDED ENTRY--TOPICAL TERM
Topical term or geographic name entry element Child rearing
700 ## - ADDED ENTRY--PERSONAL NAME
Personal name Marak, Queenbala
773 ## - HOST ITEM ENTRY
Main entry heading Eastern Anthropologist
909 ## -
-- 59976
Holdings
Withdrawn status Lost status Damaged status Not for loan Permanent Location Current Location Date acquired Serial Enumeration / chronology Barcode Date last seen Price effective from Koha item type
        Indian Institute of Public Administration Indian Institute of Public Administration 2018-07-19 Volume no: 55, Issue no: 1 AR60421 2018-07-19 2018-07-19 Articles

Powered by Koha